El film noir.
Guardat en:
| Autor principal: | |
|---|---|
| Format: | Desconegut |
| Publicat: |
Buenos Aires, Argentina:
la marca editora,
2021
|
| Edició: | 1a ed. |
| Col·lecció: | Biblioteca de la Mirada.
|
| Matèries: | |
| Etiquetes: |
Afegir etiqueta
Sense etiquetes, Sigues el primer a etiquetar aquest registre!
|
MARC
| LEADER | 00000 a2200000 4500 | ||
|---|---|---|---|
| 003 | CL-VaPUC | ||
| 005 | 20220725092321.0 | ||
| 008 | 220609b2021 ||||| |||| 00| 0 eng d | ||
| 999 | |c 435879 |d 435877 | ||
| 020 | |a 978-950-889-354-3 | ||
| 040 | |c Pontificia Universidad Católica de Valparaíso | ||
| 082 | |a 791.4361 NEG 2021 | ||
| 100 | |a Negroni, María |9 870407 |e autora | ||
| 245 | |a El film noir. | ||
| 250 | |a 1a ed. | ||
| 260 | |a Buenos Aires, Argentina: |b la marca editora, |c 2021 | ||
| 300 | |a 117 páginas. | ||
| 490 | |a Biblioteca de la Mirada. | ||
| 583 | |k Cristina María Rojas Aguilar |c 20220609 | ||
| 650 | |a Cine negro |z Estados Unidos |x Historia y crítica |9 870894 | ||
| 942 | |2 ddc |c BK | ||
| 952 | |0 0 |1 0 |2 ddc |4 0 |6 791_436100000000000_NEG_2021 |7 0 |8 A |9 583754 |a BIBART |b BIBART |d 2022-06-15 |e 135 |g 134000.00 |i 5651879 |l 1 |o 791.4361 NEG 2021 |p 5651879 |r 2025-03-13 |s 2024-07-08 |t 1 |v 134000.00 |w 2022-06-15 |y BK |k ART | ||